| 000 | 00978nam a2200253Ia 4500 | ||
|---|---|---|---|
| 999 |
_c3339 _d3339 |
||
| 003 | OSt | ||
| 005 | 20200330133746.0 | ||
| 008 | 191128t2004 ck a br 000 1 spa d | ||
| 020 | _a9789585749443 | ||
| 040 |
_aCO-JMCR _cCO-JMCR |
||
| 041 | 0 | _aspa | |
| 082 | 0 | 4 |
_aA / _bTJOd |
| 100 | 1 |
_aThé Tjong-Khing, _eautor _92173 |
|
| 245 | 1 | 1 |
_a¿Dónde está el pastel? / _cThé Tjong-Khing |
| 250 | _aPrimera edición | ||
| 260 |
_aBogotá : _bCastillo de la Lectura, _c©2004 |
||
| 300 |
_a[26] páginas sin numerar : _bilustraciones a color ; _c29 cm. |
||
| 490 | _aPrimera Infancia del Ministerio de Cultura | ||
| 500 | _aPlan Nacional de Lectura y Escritura. Leer es mi cuento, 2012. | ||
| 520 | _aEl pastel del señor y la señora Perro ha sido robado por un par de ratas. Al intentar recuperarlo, todos se verán envueltos en una madeja de asombrosas y divertidas historias. | ||
| 546 | _aspa | ||
| 650 | 1 | 4 |
_aAventuras en la literatura _xálbum _92174 |
| 942 |
_2ddc _cBK |
||